[Event "Villa Ballester op 73rd"]
[Site "Buenos Aires"]
[Date "2024.01.21"]
[Round "4"]
[White "Domeniconi, Fabricio"]
[Black "Gaitan, Sebastian"]
[Result "1/2-1/2"]
[WhiteElo "1310"]
[BlackElo "1712"]
[PlyCount "66"]
[EventDate "2024.01.19"]
[EventType "swiss"]
[EventRounds "9"]
[EventCountry "ARG"]
[SourceTitle "CB06_2024"]
[SourceDate "2024.02.07"]
[SourceVersion "1"]
[SourceVersionDate "2024.02.07"]
[SourceQuality "1"]

1. c4 g6 2. Nf3 Bg7 3. g3 c5 4. Bg2 Nc6 5. Nc3 d6 6. 0-0 Qd7 7. Rb1 b6 8. Qc2 Bb7 9. d3 Nf6 10. a3 h5 11. h4 a6 12. b4 0-0 13. b5 Nd4 14. Nxd4 Bxg2 15. Kxg2 cxd4 16. Na4 axb5 17. Rxb5 Rfb8 18. Kg1 Qc6 19. Qb3 Nd7 20. Bd2 Ra6 21. Bb4 Rba8 22. Nb2 Nc5 23. Bxc5 bxc5 24. a4 Bh6 25. Ra1 Bd2 26. Ra2 e6 27. Nd1 Bb4 28. e3 e5 29. e4 Qc8 30. Kg2 f5 31. f3 fxe4 32. fxe4 Qg4 33. Nf2 Qd7 1/2-1/2

[Event "Villa Ballester op 73rd"]
[Site "Buenos Aires"]
[Date "2024.01.20"]
[Round "2"]
[White "Parisi, Thiago"]
[Black "Domeniconi, Fabricio"]
[Result "1-0"]
[WhiteElo "1761"]
[BlackElo "1310"]
[PlyCount "71"]
[EventDate "2024.01.19"]
[EventType "swiss"]
[EventRounds "9"]
[EventCountry "ARG"]
[SourceTitle "CB06_2024"]
[SourceDate "2024.02.07"]
[SourceVersion "1"]
[SourceVersionDate "2024.02.07"]
[SourceQuality "1"]

1. e4 e5 2. Nf3 Nc6 3. d4 exd4 4. Nxd4 Nf6 5. Nc3 Bb4 6. Nxc6 bxc6 7. Bd3 d5 8. exd5 cxd5 9. 0-0 0-0 10. Bg5 c6 11. Qf3 Bd6 12. h3 Rb8 13. b3 Be5 14. Bf4 Bxf4 15. Qxf4 Be6 16. a3 a5 17. Na4 Qe7 18. Rfe1 c5 19. Bf5 Rfc8 20. Qe5 Nd7 21. Qxd5 Nf8 22. Bxe6 fxe6 23. Qc4 g5 24. Rad1 Kh8 25. Nb2 Ng6 26. Qxe6 Nf4 27. Qg4 Qf6 28. Nc4 Rf8 29. Rd2 Rbd8 30. Rxd8 Nxh3+ 31. Qxh3 Qxf2+ 32. Kh2 Rxd8 33. Qe3 Qf4+ 34. Kg1 h6 35. Ne5 Qf6 36. Rf1 1-0